[Event "Medellin Castro Memorial op-B 31st"]
[Site "Medellin"]
[Date "2024.08.10"]
[Round "7"]
[White "Henker, Miguel"]
[Black "Castro Beltran, Carlos Alfonso"]
[Result "1/2-1/2"]
[WhiteElo "1713"]
[BlackElo "1578"]
[PlyCount "68"]
[EventDate "2024.08.07"]
[EventType "swiss"]
[EventRounds "9"]
[EventCountry "COL"]
[SourceTitle "CB33_2024"]
[SourceDate "2024.08.14"]
[SourceVersion "1"]
[SourceVersionDate "2024.08.14"]
[SourceQuality "1"]

1. d4 d5 2. Nc3 Nf6 3. Bf4 a6 4. e3 Bf5 5. f3 e6 6. g4 Bg6 7. h4 h5 8. g5 Nfd7 9. Bd3 Bxd3 10. Qxd3 g6 11. 0-0-0 c5 12. e4 c4 13. Qe2 Bb4 14. exd5 Bxc3 15. bxc3 0-0 16. dxe6 Re8 17. exf7+ Kxf7 18. Qxc4+ Kg7 19. Nh3 Nc6 20. Rhe1 Qa5 21. Re6 Nb6 22. Qb3 Rxe6 23. Qxe6 Qa3+ 24. Kd2 Qf8 25. Be5+ Nxe5 26. Qxe5+ Kg8 27. Qe6+ Kh7 28. Qxb6 Qxf3 29. Qc7+ Kg8 30. Qh2 Rc8 31. Kc1 Qxc3 32. Nf4 Qa1+ 33. Kd2 Qc3+ 34. Kc1 Qa1+ 1/2-1/2

[Event "American Continental Rapid 18th"]
[Site "Medellin"]
[Date "2024.06.01"]
[Round "4"]
[White "Castro Beltran, Carlos Alfonso"]
[Black "Castano Herrera, Jeronimo"]
[Result "0-1"]
[WhiteElo "1610"]
[BlackElo "1794"]
[PlyCount "90"]
[EventDate "2024.06.01"]
[EventType "swiss (rapid)"]
[EventRounds "9"]
[EventCountry "COL"]
[SourceTitle "CB23_2024"]
[SourceDate "2024.06.05"]
[SourceVersion "1"]
[SourceVersionDate "2024.06.05"]
[SourceQuality "1"]

1. d4 g6 2. c4 Bg7 3. Nf3 Nf6 4. g3 0-0 5. Bg2 d6 6. h3 c5 7. Nc3 cxd4 8. Nxd4 Qb6 9. e3 Nc6 10. Na4 Qc7 11. 0-0 Nxd4 12. exd4 Qxc4 13. Be3 Nd5 14. Rc1 Qb5 15. Qb3 Qxb3 16. axb3 Be6 17. Bxd5 Bxd5 18. b4 Rac8 19. Nc3 Be6 20. Kg2 Rc4 21. d5 Bd7 22. Bxa7 Rfc8 23. Rfe1 Kf8 24. Re3 Bh6 25. f4 Bg7 26. Rce1 e6 27. dxe6 fxe6 28. Ne4 Bc6 29. Kg1 Bxe4 30. Rxe4 Rxe4 31. Rxe4 Ke7 32. Bd4 d5 33. Bxg7 dxe4 34. Bc3 Kd6 35. Kf2 Kd5 36. Ke3 Ra8 37. h4 Ra1 38. g4 Rd1 39. h5 gxh5 40. f5 exf5 41. gxf5 Rf1 42. f6 Rf3+ 43. Ke2 h4 44. Be1 h3 45. Bg3 Rxg3 0-1

[Event "American Continental 18th"]
[Site "Medellin"]
[Date "2024.05.29"]
[Round "8"]
[White "Pedrosa Class, Jose David"]
[Black "Castro Beltran, Carlos Alfonso"]
[Result "1-0"]
[WhiteElo "1786"]
[BlackElo "1614"]
[PlyCount "45"]
[EventDate "2024.05.24"]
[EventType "swiss"]
[EventRounds "11"]
[EventCountry "COL"]
[SourceTitle "CB23_2024"]
[SourceDate "2024.06.05"]
[SourceVersion "1"]
[SourceVersionDate "2024.06.05"]
[SourceQuality "1"]

1. d4 Nf6 2. e3 d5 3. Bd3 g6 4. h3 Bg7 5. Nf3 Nbd7 6. Nbd2 c5 7. c3 0-0 8. 0-0 Re8 9. e4 e5 10. dxe5 Nxe5 11. Nxe5 Rxe5 12. f4 Re8 13. e5 Nd7 14. Nf3 d4 15. cxd4 cxd4 16. Bc2 Qb6 17. Qxd4 Qxd4+ 18. Nxd4 a6 19. Be3 Nb6 20. Bb3 Bd7 21. Rfd1 Ba4 22. Rac1 Bxb3 23. axb3 1-0

[Event "American Continental 18th"]
[Site "Medellin"]
[Date "2024.05.24"]
[Round "1"]
[White "Castro Beltran, Carlos Alfonso"]
[Black "Carvajal Barreto, Gian Lucas"]
[Result "1-0"]
[WhiteElo "1614"]
[BlackElo "1440"]
[PlyCount "39"]
[EventDate "2024.05.24"]
[EventType "swiss"]
[EventRounds "11"]
[EventCountry "COL"]
[SourceTitle "CB23_2024"]
[SourceDate "2024.06.05"]
[SourceVersion "1"]
[SourceVersionDate "2024.06.05"]
[SourceQuality "1"]

1. d4 d5 2. c4 e6 3. Nf3 Nf6 4. Bg5 Be7 5. Nc3 h6 6. Bh4 Nc6 7. e3 Bd7 8. Bd3 dxc4 9. Bxc4 Bd6 10. 0-0 e5 11. Nb5 exd4 12. Nxd6+ cxd6 13. Nxd4 Qb6 14. Bxf6 gxf6 15. Qh5 Ne5 16. Bb3 Bc6 17. Rac1 Be4 18. Rfd1 Qa6 19. Rc7 Bg6 20. Qh4 1-0

[Event "Medellin de La Raza U2000 op"]
[Site "Medellin"]
[Date "2023.10.14"]
[Round "4"]
[White "Valencia Quinchia, Isabella"]
[Black "Castro Beltran, Carlos Alfonso"]
[Result "1/2-1/2"]
[WhiteElo "1685"]
[BlackElo "1334"]
[PlyCount "39"]
[EventDate "2023.10.12"]
[EventType "swiss"]
[EventRounds "9"]
[EventCountry "COL"]
[SourceTitle "Mega2024 Update 01"]
[Source "Chessbase"]
[SourceDate "2023.11.12"]
[SourceVersion "1"]
[SourceVersionDate "2023.11.12"]
[SourceQuality "1"]

1. e4 d5 2. exd5 Qxd5 3. Nc3 Qd6 4. d4 Nf6 5. g3 Bg4 6. Nge2 e6 7. Bg2 c6 8. Bf4 Qd8 9. Qd2 Bd6 10. h3 Bh5 11. 0-0 Qc7 12. Bxd6 Qxd6 13. Nf4 0-0 14. Nxh5 Nxh5 15. Ne4 Qe7 16. Qe2 Nf6 17. Nc5 Rd8 18. c3 Qc7 19. Rfe1 Nbd7 20. Nd3 1/2-1/2